ბათუმის შოთა რუსთაველის სახელმწიფო უნივერსიტეტის ბიბლიოთეკა

რობინზონ კრუზო ბავშვებისათვის / (ბიბ.ჩანაწერი № 49590)

000 -ლიდერი
ფიქსირებული სიგრძის საკონტროლო ველი 01158nam a2200265Ia 4500
001 - საკონტროლო ნომერი
საკონტროლო ველი 16522
003 - საკონტროლო ნომრის იდენტიფიკატორი
საკონტროლო ველი GE_BSU
005 - ბოლო ოპერაციის თარიღი და დრო
საკონტროლო ველი 20250121164400.0
008 - ფიქსირებული სიგრძის მონაცემთა ელემენტები - ზოგადი ინფორმაცია
ფიქსირებული სიგრძის საკონტროლო ველი 181216s2015||||ge |||||||||||||| ||geo||
020 ## - წიგნის საერთაშორისო სტანდარტული ნომერი
International Standard Book Number 9789941233869
040 ## - კატალოგიზაციის წყარო
Transcribing agency GE_BSU
041 ## - ენის კოდი
Language code of text/sound track or separate title geo
080 ## - უნივერსალური ათობითი კლასიფიკაციის ინდექსი
Universal Decimal Classification number 82-93 დ-39
100 ## - მთავარი ჩანაწერი - პიროვნების სახელი
Personal name დეფო, დანიელ
9 (RLIN) 24083
245 ## - ცნობა სათაურის შესახებ
Title რობინზონ კრუზო ბავშვებისათვის /
Statement of responsibility, etc ინგლ. თარგმნ. ვ. ჭელიძემ ; რედ. ნ. ილაშვილი ; ილ. ნათია კვარაცხელია.
264 ## - წარმოების, გამოცემის, დისტრიბუციის და სხვა ცნობები
გამოცემის, წარმოების, დისტრიბუციის... ადგილი თბილისი :
გამოცემის, წარმოების, დისტრიბუციის... სახელწოდება ბაკურ სულაკაურის გამ-ბა,
გამოცემის, წარმოების, დისტრიბუციის... თარიღი 2015.
300 ## - ფიზიკური აღწერა
Extent 268 გვ. ;
Dimensions 22 სმ.
653 ## - INDEX TERM--UNCONTROLLED
Uncontrolled term მოთხრობა
653 ## - INDEX TERM--UNCONTROLLED
Uncontrolled term რობინზონ კრუზო
700 ## - ADDED ENTRY--PERSONAL NAME
Personal name ჭელიძე, ვ.
Relator term მთარგმნელი
9 (RLIN) 24084
700 ## - ADDED ENTRY--PERSONAL NAME
Personal name ილაშვილი, ნ.
Relator term რედაქტორი
9 (RLIN) 12374
700 ## - ADDED ENTRY--PERSONAL NAME
Personal name კვარაცხელია, ნ.
Relator term ილუსტრაცია
9 (RLIN) 24085
942 ## - ADDED ENTRY ELEMENTS (KOHA)
Koha item type წიგნი
Source of classification or shelving scheme
ეგზემპლარები
ჩამოწერის სტატუსი დაკარგული ეგზემპლარის სტატუსი კლასიფიკაციის წყარო ან თაროზე გაწყობის სქემა დაზიანების სტატუსი არ გაიცემა მუდმივი მდებარეობა (დაცვის ადგილი) ამჟამინდელი ადგილსამყოფელი თაროზე განთავსების ადგილი შეძენის თარიღი ღირებულება, შესყიდვის ნორმალური ფასი სრული შენახვის შიფრი შტრიხკოდი ბოლო ოპერაციის თარიღი ეგზემპლარის მიმდევრობითი ნომერი (კეტერი?) ფასის ძალაში შესვლის თარიღი ეგზემპლარის სახეობა საჯარო შენიშვნა
          ბათუმის შოთა რუსთაველის სახელმწიფო უნივერსიტეტის მთავარი ბიბლიოთეკა ბათუმის შოთა რუსთაველის სახელმწიფო უნივერსიტეტის მთავარი ბიბლიოთეკა წიგნსაცავი 2018-12-17 8.00 82-93 დ-39 27623 2018-12-17 27623 2018-12-17 წიგნი 8.00 ₾.